| 000 | 01204 a2200265 4500 | ||
|---|---|---|---|
| 003 | Nust | ||
| 005 | 20170207154042.0 | ||
| 010 | _a 95017786 | ||
| 020 | _a0444894314 (alk. paper) | ||
| 040 | _cNust | ||
| 082 | 0 | 0 | _a621.367 |
| 100 | 1 | _aRamstad, T. A. | |
| 245 | 1 | 0 |
_aSubband compression of images :principles and examples -(E-BOOK) _cT.A. Ramstad, S.O. Aase, J.H. Hus?y. |
| 260 |
_aAmsterdam ; _aNew York : _bElsevier, _c1995. |
||
| 300 |
_axvi, 379 p. : _bill. ; _c25 cm. |
||
| 440 | 0 |
_aAdvances in image communication ; _v6 |
|
| 505 | _aI n t r o d u c t i o n (Page-1) Exact S i g n a l Decomposition (Page-23) Filter Bank Structures (Page-49) Bit Efficient Quantization (Page-127) Gain-Optimized Subband Coders (Page-155) Classical Subband Coding (Page-187) Coding Examples and Comparisons (Page-205) Remedies for Coding A r t i f a c t s (Page-217) Subband Coding of Video (Page-273) | ||
| 650 | 0 | _aCoding theory. | |
| 650 | 0 |
_aImage compression _xData processing. |
|
| 650 | 0 |
_aImage processing _xDigital techniques. |
|
| 651 | _aE-BOOK | ||
| 700 | 1 | _aAase, S. O. | |
| 700 | 1 | _aHus?y, J. H. | |
| 856 | 4 | 2 |
_3Publisher description _uhttp://www.loc.gov/catdir/enhancements/fy0602/95017786-d.html |
| 942 |
_2ddc _cBK |
||
| 999 |
_c192707 _d192707 |
||